El génesis con reflexión (Record no. 8407)
[ view plain ]
| 000 -CABECERA | |
|---|---|
| campo de control de longitud fija | 01204nam a2200229 a 4500 |
| 001 - NÚMERO DE CONTROL | |
| campo de control | BRCA_8755 |
| 005 - FECHA Y HORA DE LA ÚLTIMA TRANSACCIÓN | |
| campo de control | 20190320210408.0 |
| 008 - DATOS DE LONGITUD FIJA--INFORMACIÓN GENERAL | |
| campo de control de longitud fija | 130317s1731----sp-#######---#000-0#spa-# |
| 041 ## - CÓDIGO DE LENGUA | |
| Código de lengua del texto/banda sonora o título independiente | spa |
| 044 ## - CÓDIGO DEL PAÍS DE LA ENTIDAD EDITORA/PRODUCTORA | |
| Código MARC del país | sp |
| 084 ## - OTRO NÚMERO DE CLASIFICACIÓN | |
| Número de clasificación | BE121 |
| Número de documento/Ítem | .B45 1731 |
| 100 1# - ENTRADA PRINCIPAL--NOMBRE DE PERSONA | |
| Nombre de persona | Belvis, Geronymo Fray |
| 9 (RLIN) | 21804 |
| 245 10 - MENCIÓN DE TÍTULO | |
| Título | El génesis con reflexión |
| Mención de responsabilidad, etc. | por el Revmo. P. Maestro Fray Geronymo Belvis Monge de la Religión de San Georonymo, Maestro en su Religión, Predicador electo por su Magestad, Difinidor y Visitador General, dos vezes Prior en el Real Convento de N. Señora de la Esperanza de Segorbe, tres vezes Prior en su Real Convento de San Miguel de los Reyes de la Ciudad de Valencia, &c. |
| 260 ## - PUBLICACIÓN, DISTRIBUCIÓN, ETC. | |
| Lugar de publicación, distribución, etc. | Valencia |
| Nombre del editor, distribuidor, etc. | En la Imprenta de Antonio Balle |
| Fecha de publicación, distribución, etc. | 1731 |
| 300 ## - DESCRIPCIÓN FÍSICA | |
| Extensión | [81], 270 p. (t.1) |
| Dimensiones | 20.3 x 15.5 cm. |
| 500 ## - NOTA GENERAL | |
| Nota general | Con privil. |
| 500 ## - NOTA GENERAL | |
| Nota general | En portada: Dedicado a la ilustrissima Señora doña Francisca Maria de Belvis, Portugal, y Cordova, Marquesa de Benedites, y Villa Mayor; Condesa del Villar-Donpardo, &c. |
| 500 ## - NOTA GENERAL | |
| Nota general | Estado físico: presenta encuadernación en pergamino, con algunas hojas manchadas y cintas rotas |
| 700 1# - PUNTO DE ACCESO ADICIONAL--NOMBRE DE PERSONA | |
| Nombre de persona | Balle, Antonio |
| Término indicativo de función/relación | Impresor |
| 9 (RLIN) | 21805 |
| 902 ## - CATALOGADOR | |
| Iniciales | CFM |
| 942 ## - ELEMENTOS DE PUNTO DE ACCESO ADICIONAL (KOHA) | |
| Fuente del sistema de clasificación o colocación | Library of Congress Classification |
| Tipo de ítem Koha | Libros |
| Estado de retiro | Estado de pérdida | Estado dañado | No para préstamo | Localización permanente | Ubicación/localización actual | Fecha de adquisición | Total de préstamos | Signatura topográfica completa | Código de barras | Fecha visto por última vez | Precio válido a partir de | Tipo de ítem Koha |
|---|---|---|---|---|---|---|---|---|---|---|---|---|
| El ejemplar forma parte de la colección y puede ser consultado según las políticas vigentes. | Biblioteca del Museo Franz Mayer (Rogerio Casas-Alatriste) | Biblioteca del Museo Franz Mayer (Rogerio Casas-Alatriste) | 13/03/2017 | BE121 .B45 1731 | CFM00088 | 22/03/2019 | 22/03/2019 | Libros |